Agyptische Kunst
محفوظ في:
المؤلف الرئيسي:
التنسيق: كتاب
اللغة: Undetermined
منشور في:
Berlin
Ullstein Bucher
1963
سلاسل:
Ullstein Kunstgeschichte, Bd. 3
الوسوم: إضافة وسم
لا توجد وسوم, كن أول من يضع وسما على هذه التسجيلة!
رقم الطلب: (P)N5350 .B88
| LEADER | 00352nam a2200133Ia 4500 | ||
|---|---|---|---|
| 008 | 240503s9999||||xx |||||||||||||| ||und|| | ||
| 050 | 4 | |a (P)N5350 .B88 | |
| 100 | 1 | |a Joseph Wiesner | |
| 245 | 1 | 0 | |a Agyptische Kunst |
| 264 | 1 | |a Berlin |b Ullstein Bucher |c 1963 | |
| 300 | |a 22 |b Plates |c 21 | ||
| 490 | 0 | |a Ullstein Kunstgeschichte, Bd. 3 | |
| 942 | |2 lcc |c PT | ||
| 999 | |c 58275 |d 58275 | ||
